[Event "Harburg-ch Gruppe G"]
[Site "Hamburg"]
[Date "2010.08.21"]
[Round "3"]
[White "Rosenburg, Hauke"]
[Black "Rosenburg, Thies"]
[Result "1/2-1/2"]
[WhiteElo "1618"]
[BlackElo "1589"]
[PlyCount "46"]
[EventDate "2010.08.20"]
[EventType "tourn"]
[EventRounds "5"]
[EventCountry "GER"]
[SourceDate "2010.08.20"]

1. d4 Nf6 2. c4 e6 3. Nc3 Bb4 4. a3 Bxc3+ 5. bxc3 c5 6. Nf3 O-O 7. e3 b6 8. Bd3
Bb7 9. Rb1 d6 10. O-O Na6 11. Re1 Ne4 12. Qc2 d5 13. Nd2 f5 14. cxd5 Nxd2 15.
Bxd2 Qxd5 16. e4 Qd7 17. exf5 exf5 18. Qa2+ Kh8 19. Bxa6 Bxa6 20. dxc5 bxc5 21.
Be3 c4 22. Qc2 f4 23. Bd4 f3 1/2-1/2

[Event "Harburg-ch Gruppe G"]
[Site "Hamburg"]
[Date "2010.08.21"]
[Round "3"]
[White "Frenzel, Uwe"]
[Black "Janke, Hendrik"]
[Result "1/2-1/2"]
[WhiteElo "1561"]
[BlackElo "1523"]
[PlyCount "64"]
[EventDate "2010.08.20"]
[EventType "tourn"]
[EventRounds "5"]
[EventCountry "GER"]
[SourceDate "2010.08.20"]

1. d4 d5 2. Nf3 Bf5 3. e3 Nf6 4. Bd3 Bg6 5. Qe2 e6 6. O-O a6 7. Nbd2 c5 8. c3
c4 9. Bb1 Bd6 10. h3 Qc7 11. e4 dxe4 12. Nxe4 b5 13. Nxd6+ Qxd6 14. Ne5 Nc6 15.
Bf4 Nd5 16. Bh2 (16. Nxf7) 16... Bxb1 17. Raxb1 Rg8 18. Nxc4 Qd7 19. Ne5 (19.
Nd6+) 19... Nxe5 20. Qxe5 Rd8 21. a3 Qe7 22. Rfe1 g5 23. f3 h5 24. g4 hxg4 25.
fxg4 Qf8 26. Rbd1 Qh6 27. Rd3 Nf4 28. Bxf4 gxf4 29. Rf3 Qh4 30. Re2 (30. Re4)
30... Rxg4+ 31. hxg4 Qxg4+ 32. Kf2 Qh4+ 1/2-1/2

[Event "Harburg-ch Gruppe G"]
[Site "Hamburg"]
[Date "2010.08.21"]
[Round "3"]
[White "Schoknecht, Sabine"]
[Black "Ukena, Riko"]
[Result "0-1"]
[WhiteElo "1595"]
[BlackElo "1571"]
[PlyCount "36"]
[EventDate "2010.08.20"]
[EventType "tourn"]
[EventRounds "5"]
[EventCountry "GER"]
[SourceDate "2010.08.20"]

1. d4 d5 2. Bf4 Nf6 3. c3 g6 4. e3 Bg7 5. Nd2 O-O 6. Be2 Nbd7 7. g4 c5 8. a3
cxd4 9. exd4 Re8 10. h4 e5 11. dxe5 Nxe5 12. Bxe5 Rxe5 13. f4 Re7 14. g5 Ng4
15. Nf1 Qb6 16. Nh3 Qxb2 17. Nd2 Bxc3 18. Rb1 Bxd2+ 0-1

[Event "Harburg-ch Gruppe G"]
[Site "Hamburg"]
[Date "2010.08.22"]
[Round "4"]
[White "Rosenburg, Thies"]
[Black "Ukena, Riko"]
[Result "0-1"]
[WhiteElo "1589"]
[BlackElo "1571"]
[PlyCount "93"]
[EventDate "2010.08.20"]
[EventType "tourn"]
[EventRounds "5"]
[EventCountry "GER"]
[SourceDate "2010.08.20"]

1. e4 c5 2. Nf3 d6 3. d4 cxd4 4. Nxd4 Nf6 5. Nc3 g6 6. Be3 Bg7 7. Be2 Nc6 8. f3
O-O 9. Qd2 Bd7 10. O-O-O Rc8 11. h4 Qc7 12. g4 a6 13. h5 b5 14. hxg6 fxg6 15.
Bh6 Nxd4 16. Qxd4 Bxh6+ 17. Rxh6 a5 18. Rd2 Qc5 19. Qxc5 Rxc5 20. Nd5 Nxd5 21.
Rxd5 Rxd5 22. exd5 Bc8 23. Rh1 b4 24. Kd2 Bb7 25. Ke3 Bxd5 26. b3 Kg7 27. Rd1
Bc6 28. Rd4 Rc8 29. Bc4 Bb7 30. g5 Rc5 31. Rf4 Rf5 32. Rxf5 gxf5 33. Be6 Kg6
34. Kf4 Kh5 35. Kxf5 Bxf3 36. Bf7+ Kh4 37. Bg8 Bg4+ 38. Kf4 e5+ 39. Ke4 Kxg5
40. Bxh7 Kf6 41. Kd5 Bf5 42. Bxf5 Kxf5 43. Kxd6 e4 44. Kc5 e3 45. Kb5 e2 46.
Kxa5 e1=Q 47. Kb5 0-1

[Event "Harburg-ch Gruppe G"]
[Site "Hamburg"]
[Date "2010.08.22"]
[Round "4"]
[White "Janke, Hendrik"]
[Black "Schoknecht, Sabine"]
[Result "0-1"]
[WhiteElo "1523"]
[BlackElo "1595"]
[PlyCount "84"]
[EventDate "2010.08.20"]
[EventType "tourn"]
[EventRounds "5"]
[EventCountry "GER"]
[SourceDate "2010.08.20"]

1. e4 e5 2. Nf3 d6 3. Bc4 Nc6 4. d3 h6 5. h3 Nge7 6. Nh4 d5 7. exd5 Nxd5 8. Qf3
Be6 9. Nf5 Ncb4 10. Na3 Qf6 11. Ne3 Qxf3 12. gxf3 Nf4 13. Bxe6 Nxe6 14. Nac4 f6
15. a3 Nc6 16. c3 O-O-O 17. Nf5 Rxd3 18. Ke2 Rd7 19. Rg1 g5 20. b4 Ne7 21.
Nxe7+ Bxe7 22. a4 Rhd8 23. Be3 Kb8 24. a5 Rd3 25. Rgc1 Bf8 26. b5 Bc5 27. b6
Bxe3 28. fxe3 cxb6 29. axb6 a6 30. Ra2 Nc5 31. Nd2 f5 32. Rcc2 e4 33. Ra5 Rxd2+
34. Rxd2 Rxd2+ 35. Ke1 Rd5 36. Ra2 exf3 37. Kf2 g4 38. hxg4 fxg4 39. Kg3 Ne4+
40. Kxg4 f2 41. Ra1 Nd2 42. e4 Rg5+ 0-1

[Event "Harburg-ch Gruppe G"]
[Site "Hamburg"]
[Date "2010.08.22"]
[Round "4"]
[White "Rosenburg, Hauke"]
[Black "Frenzel, Uwe"]
[Result "1-0"]
[WhiteElo "1618"]
[BlackElo "1561"]
[PlyCount "101"]
[EventDate "2010.08.20"]
[EventType "tourn"]
[EventRounds "5"]
[EventCountry "GER"]
[SourceDate "2010.08.20"]

1. c4 Nf6 2. d4 c6 3. Nc3 d5 4. cxd5 cxd5 5. Bf4 a6 6. Nf3 g6 7. Qb3 Nc6 8. e3
e6 9. Rc1 Bd6 10. Bg5 Be7 11. Be2 O-O 12. O-O Na5 13. Qc2 Bd7 14. Ne5 Rc8 15.
Qd2 Nc6 16. Nxc6 Bxc6 17. f3 Nh5 18. Bxe7 Qxe7 19. g4 Ng7 20. f4 f6 21. Bf3 Qd7
22. Qg2 f5 23. g5 Ne8 24. h4 Nd6 25. b3 Kg7 26. Kf2 Rh8 27. Rh1 Kf8 28. h5 Qg7
29. hxg6 Be8 30. gxh7 Bg6 31. Na4 Rxc1 32. Rxc1 Rxh7 33. Nc5 Qe7 34. Rh1 Rg7
35. Rh6 Nf7 36. Rh1 Nd8 37. Rh8+ Rg8 38. Qh2 Qg7 39. Rxg8+ Kxg8 40. Kg3 Qc7 41.
Qh6 Qg7 42. Qxg7+ Kxg7 43. Kh4 a5 44. Bh5 b6 45. Nd7 b5 46. Bxg6 Kxg6 47. a3
Kg7 48. Nc5 Kg6 49. Nd7 Nc6 50. Ne5+ Nxe5 51. dxe5 1-0

[Event "Harburg-ch Gruppe G"]
[Site "Hamburg"]
[Date "2010.08.22"]
[Round "5"]
[White "Frenzel, Uwe"]
[Black "Rosenburg, Thies"]
[Result "1/2-1/2"]
[WhiteElo "1561"]
[BlackElo "1589"]
[PlyCount "124"]
[EventDate "2010.08.20"]
[EventType "tourn"]
[EventRounds "5"]
[EventCountry "GER"]
[SourceDate "2010.08.20"]

1. d4 c5 2. e3 cxd4 3. exd4 Nf6 4. Nf3 d5 5. Be2 Nc6 6. c3 e6 7. Bg5 Be7 8.
Nbd2 O-O 9. Bd3 Bd7 10. Qc2 h6 11. Be3 Rc8 12. a3 Kh8 13. O-O Qc7 14. Rfe1 Ng4
15. Nf1 e5 16. dxe5 Ngxe5 17. Nxe5 Nxe5 18. Rad1 a6 19. Qb3 Nxd3 20. Rxd3 Be6
21. Qd1 Rfd8 22. Qh5 Kh7 23. Bd2 Bf8 24. Ne3 g6 25. Qf3 Rd6 26. Bc1 Rcd8 27.
Qd1 Bg7 28. Nc2 Qd7 29. Nd4 Rc8 30. Qe2 Bxd4 31. Rxd4 Bf5 32. Qd2 g5 33. Rd1
Re8 34. f3 Qe6 35. Kf2 f6 36. Re1 Qxe1+ 37. Qxe1 Rxe1 38. Kxe1 Kg7 39. Kf2 Kf7
40. Be3 Bd7 41. g3 Ke6 42. Rd2 f5 43. Re2 Kf7 44. Bd4 Re6 45. Be5 h5 46. f4 g4
47. Ke3 Bb5 48. Rd2 Bc4 49. Kd4 Ke7 50. Rd1 Rb6 51. b4 Rc6 52. Re1 b5 53. Ke3
Ke6 54. Kd2 Kd7 55. Kc2 Re6 56. Ra1 Kc6 57. a4 bxa4 58. Rxa4 Bb5 59. Ra3 Kd7
60. Kd2 Kc6 61. Ra1 Kd7 62. Rh1 Ke7 1/2-1/2

[Event "Harburg-ch Gruppe G"]
[Site "Hamburg"]
[Date "2010.08.22"]
[Round "5"]
[White "Schoknecht, Sabine"]
[Black "Rosenburg, Hauke"]
[Result "1/2-1/2"]
[WhiteElo "1595"]
[BlackElo "1618"]
[PlyCount "48"]
[EventDate "2010.08.20"]
[EventType "tourn"]
[EventRounds "5"]
[EventCountry "GER"]
[SourceDate "2010.08.20"]

1. d4 Nf6 2. c3 d5 3. Bf4 c6 4. Qc2 Nbd7 5. Nd2 e6 6. e3 Be7 7. Bd3 c5 8. Qb1
a6 9. Ne2 c4 10. Bc2 b5 11. a3 Bb7 12. Ng3 h6 13. Nf3 a5 14. Ne5 Nxe5 15. Bxe5
Bd6 16. Bxf6 Qxf6 17. f4 Qh4 18. Qd1 Be7 19. O-O f5 20. Qe2 g6 21. Rf3 Qf6 22.
Raf1 Kd7 23. Nh1 Rag8 24. Nf2 h5 1/2-1/2

[Event "Harburg-ch Gruppe G"]
[Site "Hamburg"]
[Date "2010.08.22"]
[Round "5"]
[White "Ukena, Riko"]
[Black "Janke, Hendrik"]
[Result "1/2-1/2"]
[WhiteElo "1571"]
[BlackElo "1523"]
[PlyCount "68"]
[EventDate "2010.08.20"]
[EventType "tourn"]
[EventRounds "5"]
[EventCountry "GER"]
[SourceDate "2010.08.20"]

1. c4 c5 2. g3 g6 3. Bg2 Nc6 4. Nc3 Bg7 5. a3 d6 6. Nf3 Nf6 7. O-O O-O 8. Rb1
Bf5 9. d3 Rb8 10. b4 cxb4 11. axb4 a6 12. b5 Na7 13. Be3 Ra8 14. Nd4 axb5 15.
Nxf5 gxf5 16. Bxa7 Rxa7 17. Nxb5 Ra2 18. Bxb7 Kh8 19. Nd4 Qd7 20. Qb3 Ra5 21.
Nc6 Rc5 22. Qb6 f4 23. Rb5 Qh3 24. Rxc5 Ng4 25. Rh5 Qxh5 26. h4 Ne5 27. Nxe5
Bxe5 28. d4 Bf6 29. Bf3 Qh6 30. Kh2 Rg8 31. Kh3 fxg3 32. fxg3 Qg7 33. g4 Bxd4
34. Qb1 Qh6 1/2-1/2

[Event "Harburg-ch Gruppe H"]
[Site "Hamburg"]
[Date "2010.08.20"]
[Round "1"]
[White "Altenburg, Nils"]
[Black "Lemke, Berfin"]
[Result "1-0"]
[WhiteElo "1518"]
[BlackElo "1436"]
[PlyCount "91"]
[EventDate "2010.08.20"]
[EventType "tourn"]
[EventRounds "5"]
[EventCountry "GER"]
[SourceDate "2010.08.20"]

1. e4 e5 2. Nf3 Nc6 3. d4 exd4 4. Nxd4 Nf6 5. Nxc6 bxc6 6. Bg5 (6. e5 Qe7 7.
Qe2 Nd5 8. c4) 6... Qe7 7. Nc3 Qe6 8. Bxf6 Qxf6 9. Bc4 Bb4 (9... Ba3) 10. Qd3
Bxc3+ 11. Qxc3 Qxc3+ 12. bxc3 O-O 13. O-O Re8 14. f3 d6 (14... Re5) 15. Rab1
Re5 16. Rb3 d5 17. Bd3 c5 18. exd5 Rxd5 19. Be4 Be6 20. Rfb1 (20. Rb5) 20...
Rdd8 21. Bxa8 Bxb3 22. Rxb3 Rxa8 23. Rb7 g6 24. Rxc7 Rd8 25. Rxa7 Rd2 26. Ra5
Rxc2 27. Rxc5 Rxa2 28. h4 h5 29. Kh2 Kg7 30. c4 Rc2 31. Rc6 Kf8 32. Kh3 Ke7 33.
Rc7+ Ke6 34. g4 Rc3 35. Kg3 Kf6 36. c5 Ke6 37. c6 Kd6 (37... hxg4 38. Kxg4 Rc4+
39. f4 Rc3) 38. Rxf7 Rxc6 39. Rf6+ Kd5 40. Rxc6 Kxc6 41. gxh5 gxh5 42. Kf4 Kd6
43. Kf5 Kd7 44. Kf6 Kd8 45. f4 Ke8 46. Kg7 1-0

[Event "Harburg-ch Gruppe H"]
[Site "Hamburg"]
[Date "2010.08.20"]
[Round "1"]
[White "Schoppe, Gottfried"]
[Black "Von Malottki, Robin"]
[Result "0-1"]
[WhiteElo "1517"]
[BlackElo "1426"]
[PlyCount "78"]
[EventDate "2010.08.20"]
[EventType "tourn"]
[EventRounds "5"]
[EventCountry "GER"]
[SourceDate "2010.08.20"]

1. c4 f5 2. d4 Nf6 3. Nc3 e6 4. Bg5 Be7 5. Nf3 O-O 6. Qc2 h6 7. Bf4 d5 8. c5 c6
9. Ne5 Nbd7 10. Ng6 Re8 11. O-O-O Kf7 12. Ne5+ (12. Nxe7 Rxe7 13. Bd6 Re8 14.
e3) 12... Nxe5 13. dxe5 Ng4 14. e4 Bxc5 (14... Bg5) 15. exd5 exd5 (15... cxd5)
16. Nxd5 Nxf2 (16... cxd5 17. Qxc5 Qb6) 17. Bc4 (17. Qxc5 Nxd1 18. Nc7) 17...
Be6 18. Nf6 (18. Ne3) 18... Nxd1 19. Rxd1 gxf6 20. Rxd8 Raxd8 21. Bxe6+ Kxe6
22. Qxc5 Rd5 23. Qxa7 fxe5 24. Bxh6 Red8 25. Kc2 R8d7 26. Qb6 f4 27. Qb3 Kf6
28. Qb4 Ke6 29. Bxf4 (29. g3) 29... exf4 30. Qxf4 Rc5+ 31. Kb3 Rd3+ 32. Ka4
Rcd5 33. Qh6+ Kd7 34. a3 (34. Qg7+ Kc8 35. g4) 34... Kc7 35. Qg7+ Kb6 36. Qf6
Ka6 (36... R5d4+) 37. Kb4 R5d4+ 38. Kc5 b6+ 39. Kxc6 Rc4# 0-1

[Event "Harburg-ch Gruppe H"]
[Site "Hamburg"]
[Date "2010.08.20"]
[Round "1"]
[White "Grube, Bernd"]
[Black "Frenz Evers, Hartmut"]
[Result "1/2-1/2"]
[WhiteElo "1421"]
[BlackElo "1468"]
[PlyCount "56"]
[EventDate "2010.08.20"]
[EventType "tourn"]
[EventRounds "5"]
[EventCountry "GER"]
[SourceDate "2010.08.20"]

1. d4 Nf6 2. c4 g6 3. Nf3 Bg7 4. Nc3 d5 5. e3 O-O 6. b3 c6 7. a4 Bg4 8. Be2 Qa5
9. Bd2 Ne8 10. Nxd5 Qd8 11. Nc3 Nd7 12. h3 Bxf3 13. Bxf3 Nc7 14. Qc2 Rb8 15.
Rd1 e6 16. Bc1 Qe7 17. O-O Nf6 18. e4 Rfd8 19. Bf4 Nfe8 20. d5 Qf6 21. Bxc7
Nxc7 22. Ne2 exd5 23. exd5 cxd5 24. cxd5 Qd6 25. Qc4 Be5 26. Rd3 Ne6 27. b4 Ng5
28. Rfd1 Nxf3+ 1/2-1/2

[Event "Harburg-ch Gruppe H"]
[Site "Hamburg"]
[Date "2010.08.21"]
[Round "2"]
[White "Lemke, Berfin"]
[Black "Frenz Evers, Hartmut"]
[Result "1-0"]
[WhiteElo "1436"]
[BlackElo "1468"]
[PlyCount "127"]
[EventDate "2010.08.20"]
[EventType "tourn"]
[EventRounds "5"]
[EventCountry "GER"]
[SourceDate "2010.08.20"]

1. e4 d5 2. exd5 Qxd5 3. Nc3 Qa5 4. d4 Nf6 5. Bc4 c6 6. Bd2 Qb6 7. Nge2 Qxb2 8.
Rb1 Qa3 9. O-O Nbd7 10. Re1 e6 11. Nf4 Be7 12. Qf3 Nb6 13. Bd3 Qd6 14. Nce2
Nbd5 15. c4 Nxf4 16. Bxf4 Qa3 17. Nc1 Qa5 18. Re2 Qd8 19. Nb3 Bd6 20. Bg5 Be7
21. Rbe1 h6 22. Bh4 Bb4 23. Rc1 Ba3 24. Rce1 a5 25. d5 cxd5 26. Bxf6 gxf6 (
26... Qxf6) 27. cxd5 Bb4 28. Rd1 e5 29. Bb5+ Bd7 30. Bxd7+ Kxd7 31. Qf5+ Ke8
32. f4 Qb6+ 33. Kh1 Qd6 34. fxe5 fxe5 35. Qxe5+ (35. Nd4 f6 36. Nb5 Qe7 37. d6
Rd8 38. Red2) 35... Qxe5 36. Rxe5+ Kf8 (36... Kd7) 37. d6 Rd8 38. d7 Rh7 39.
Nc5 Bxc5 40. Rxc5 b6 41. Rc6 f5 42. Rcd6 b5 43. R6d5 Rf7 44. g3 f4 (44... b4)
45. gxf4 Rxf4 46. Rxb5 Ra4 47. Rb2 Ke7 48. Re2+ Kf7 49. Rf1+ Kg6 50. Re6+ Kg5
51. Rd1 Rxa2 52. Re8 Rxd7 53. Rg8+ Kh4 54. Rxd7 a4 55. Rd4+ Kh5 56. Ra8 Ra1+
57. Kg2 Ra2+ 58. Kg3 Ra3+ 59. Kf4 Rh3 60. Raxa4 Rxh2 61. Kf5 Rf2+ 62. Rf4 Rxf4+
63. Kxf4 Kg6 64. Ra5 1-0

[Event "Harburg-ch Gruppe H"]
[Site "Hamburg"]
[Date "2010.08.21"]
[Round "2"]
[White "Von Malottki, Robin"]
[Black "Grube, Bernd"]
[Result "1-0"]
[WhiteElo "1426"]
[BlackElo "1421"]
[PlyCount "47"]
[EventDate "2010.08.20"]
[EventType "tourn"]
[EventRounds "5"]
[EventCountry "GER"]
[SourceDate "2010.08.20"]

1. e4 c5 2. Nf3 d6 3. d4 cxd4 4. Nxd4 a6 5. Be2 e6 6. c4 Nf6 7. Nc3 Be7 8. O-O
Bd7 9. f4 Bc6 10. Bf3 Qc7 11. Nc2 Nbd7 12. Be3 Rd8 13. Qe1 Nc5 14. Bxc5 dxc5
15. e5 Bxf3 (15... Nd7) 16. Rxf3 (16. exf6) 16... Nd7 17. Qg3 O-O 18. Qh3 Rfe8
19. Rg3 Nb8 (19... Nf8 20. Ne4 Ng6) 20. Ne4 Kh8 21. Nf6 (21. Qh5 g6 22. Qh6 Bf8
23. Qh3) 21... Bxf6 (21... gxf6 22. Qh6 Rg8 23. Rh3 Rg7 24. exf6 Bxf6 25. Qxf6
Nd7 26. Qe7 Rdg8) 22. exf6 g6 (22... Rg8) 23. Qh6 Rg8 24. Rh3 (24. Qxh7+ Kxh7
25. Rh3#) 1-0

[Event "Harburg-ch Gruppe H"]
[Site "Hamburg"]
[Date "2010.08.21"]
[Round "2"]
[White "Altenburg, Nils"]
[Black "Schoppe, Gottfried"]
[Result "1-0"]
[WhiteElo "1518"]
[BlackElo "1517"]
[PlyCount "51"]
[EventDate "2010.08.20"]
[EventType "tourn"]
[EventRounds "5"]
[EventCountry "GER"]
[SourceDate "2010.08.20"]

1. e4 c5 2. Nf3 Nc6 3. d4 cxd4 4. Nxd4 e5 5. Nb5 d6 6. Bc4 a6 7. Qf3 Nf6 8.
N5c3 Bg4 9. Qg3 Nd4 10. Bd3 Qc8 11. Nd5 Nxd5 12. exd5 Nxc2+ 13. Bxc2 Qxc2 14.
O-O Qc4 (14... Qg6) 15. Nc3 g6 16. Re1 Bd7 17. Rxe5+ Kd8 18. Bg5+ (18. Re4 Qc7
19. Qh4+ Kc8 20. Rc4) 18... Kc7 19. Rc1 Kb6 20. Re4 Qc8 21. Na4+ Bxa4 22. Rxc8
Rxc8 23. Rxa4 Ka7 24. Qb3 f6 25. Be3+ Ka8 26. Qb6 1-0

[Event "Harburg-ch Gruppe H"]
[Site "Hamburg"]
[Date "2010.08.21"]
[Round "3"]
[White "Schoppe, Gottfried"]
[Black "Lemke, Berfin"]
[Result "0-1"]
[WhiteElo "1517"]
[BlackElo "1436"]
[PlyCount "68"]
[EventDate "2010.08.20"]
[EventType "tourn"]
[EventRounds "5"]
[EventCountry "GER"]
[SourceDate "2010.08.20"]

1. d4 d5 2. c4 e6 3. Nc3 Nf6 4. Qc2 Be7 5. Nf3 O-O 6. e4 c6 7. e5 Nfd7 8. Bd3
f5 9. exf6 Nxf6 10. Ng5 h6 11. Nf3 Nbd7 12. O-O Bd6 13. Re1 Re8 14. c5 Bc7 15.
b4 a6 16. Bg6 Re7 17. Bd2 e5 18. dxe5 Nxe5 19. Nh4 Be6 20. f4 Nxg6 21. Nxg6 Re8
22. Re2 d4 23. Rxe6 Rxe6 24. Qb3 Nd5 25. Nxd5 Qxd5 26. Qd3 Rae8 27. f5 Re2 28.
Nh4 Qf7 29. a3 Qh5 30. Nf3 Qg4 31. Ne1 Bf4 32. Bxf4 Qxf4 33. Nf3 Qg4 34. g3 Qh3
0-1

[Event "Harburg-ch Gruppe H"]
[Site "Hamburg"]
[Date "2010.08.21"]
[Round "3"]
[White "Grube, Bernd"]
[Black "Altenburg, Nils"]
[Result "0-1"]
[WhiteElo "1421"]
[BlackElo "1518"]
[PlyCount "78"]
[EventDate "2010.08.20"]
[EventType "tourn"]
[EventRounds "5"]
[EventCountry "GER"]
[SourceDate "2010.08.20"]

1. d4 d5 2. c4 e6 3. Nf3 Nf6 4. Nc3 c6 5. e3 Be7 6. a4 Nbd7 7. Qc2 dxc4 8. Bxc4
Nb6 9. b3 Bb4 10. O-O O-O 11. Bd3 h6 12. Bb2 Nbd5 13. Ne4 Ng4 14. Qe2 f5 15.
Ned2 f4 16. e4 Bc3 17. Nc4 b5 18. Nce5 (18. axb5 cxb5 (18... Bxb2 19. Nxb2 Nc3
20. Qc2 Nxb5 21. Qc5) 19. exd5 bxc4 20. Bxc4 exd5 21. Bxc3 dxc4 22. bxc4) 18...
Nxe5 19. Nxe5 Bxb2 (19... f3) 20. Qxb2 Nb4 21. Rfd1 Nxd3 22. Rxd3 Bb7 23. f3
Kh7 24. Rc1 Qd6 25. axb5 cxb5 26. b4 Rac8 27. Rc5 a6 28. Qd2 a5 29. Rxc8 Rxc8
30. bxa5 Ra8 31. Qxf4 Rxa5 32. h3 (32. Qf7 Bc6 33. Qg6+ Kg8 34. h3) 32... b4
33. Qf7 Bxe4 34. fxe4 Rxe5 35. Qf4 Qa6 36. Rg3 Qa1+ 37. Kh2 Qxd4 38. h4 (38.
Qf7 Rxe4 (38... Rg5 39. Rxg5 hxg5 40. Qh5+ Kg8 41. Qe8+ Kh7 42. Qh5+) 39. Qg6+
Kh8 40. Qe8+ Kh7 41. Qg6+) 38... Rxe4 39. Qf7 Rxh4+ 0-1

[Event "Harburg-ch Gruppe H"]
[Site "Hamburg"]
[Date "2010.08.21"]
[Round "3"]
[White "Frenz Evers, Hartmut"]
[Black "Von Malottki, Robin"]
[Result "0-1"]
[WhiteElo "1468"]
[BlackElo "1426"]
[PlyCount "124"]
[EventDate "2010.08.20"]
[EventType "tourn"]
[EventRounds "5"]
[EventCountry "GER"]
[SourceDate "2010.08.20"]

1. e4 c5 2. Nf3 d6 3. Bc4 Nf6 4. d3 Nc6 5. Bg5 e6 6. Nbd2 Be7 7. O-O O-O 8. c3
Qb6 9. Qb3 Re8 10. Qxb6 axb6 11. Bb5 Bd7 12. Nc4 Ne5 13. Bxd7 Nexd7 14. Bxf6
gxf6 15. a3 (15. a4) 15... b5 16. Ncd2 Bf8 17. Rad1 Ra4 18. Rfe1 Bh6 19. h4 Kf8
20. Nh2 Ne5 21. Ndf3 Ke7 22. Nxe5 fxe5 23. Ng4 Bg7 24. Ne3 b6 25. Rf1 Rg8 26.
Kh1 Bh6 27. Rde1 Rf8 28. Ng4 Bg7 29. f4 exf4 30. Rxf4 h5 31. Ne3 Be5 32. Rf3
Rg8 33. Ref1 Rg7 34. Rh3 Ra8 35. Rf2 Rag8 36. Nf1 Rg4 37. Re2 Rf4 38. Kg1 Bf6
39. Rf2 Rxh4 40. Rhf3 Rg6 41. Nd2 Rhg4 42. Kh1 Rg3 43. Rxg3 Rxg3 44. Nf3 h4 45.
Rd2 h3 46. Ng1 hxg2+ 47. Rxg2 Rxg2 (47... Rxd3) 48. Kxg2 b4 49. axb4 cxb4 50.
Ne2 bxc3 51. bxc3 Kd7 52. Kf2 Kc6 53. Ke1 b5 54. Kd2 d5 55. exd5+ Kxd5 56. Nf4+
Kc5 57. Nh5 Bg5+ 58. Kc2 b4 59. Ng3 f5 60. Ne2 bxc3 61. Kxc3 f4 62. Nd4 (62.
d4+ Kd5 63. Kd3) 62... Bf6 0-1

[Event "Harburg-ch Gruppe H"]
[Site "Hamburg"]
[Date "2010.08.22"]
[Round "4"]
[White "Lemke, Berfin"]
[Black "Von Malottki, Robin"]
[Result "0-1"]
[WhiteElo "1436"]
[BlackElo "1426"]
[PlyCount "46"]
[EventDate "2010.08.20"]
[EventType "tourn"]
[EventRounds "5"]
[EventCountry "GER"]
[SourceDate "2010.08.20"]

1. e4 c5 2. Nf3 d6 3. d4 cxd4 4. Nxd4 Nf6 5. Nc3 a6 6. Be2 e5 7. Nb3 Be7 8. O-O
Be6 9. Be3 O-O 10. Bf3 Nbd7 11. Qe2 b5 12. Qd2 Nb6 13. Rad1 Nc4 14. Qc1 Qc7 15.
Rfe1 Rac8 16. a3 Nxa3 17. bxa3 Qxc3 18. Re2 Bxb3 19. Rd3 Qxd3 20. cxd3 Rxc1+
21. Bxc1 Rc8 22. Be3 d5 23. Rb2 Rc3 0-1

[Event "Harburg-ch Gruppe H"]
[Site "Hamburg"]
[Date "2010.08.22"]
[Round "4"]
[White "Altenburg, Nils"]
[Black "Frenz Evers, Hartmut"]
[Result "1-0"]
[WhiteElo "1518"]
[BlackElo "1468"]
[PlyCount "29"]
[EventDate "2010.08.20"]
[EventType "tourn"]
[EventRounds "5"]
[EventCountry "GER"]
[SourceDate "2010.08.20"]

1. e4 d5 2. exd5 Qxd5 3. Nc3 Qa5 4. Bc4 Nf6 5. d4 Bf5 6. Nge2 Nbd7 7. Ng3 Bg6
8. Bd2 c6 9. Qe2 Bxc2 10. Nb5 Qb6 11. Nd6+ Kd8 12. Nxf7+ Ke8 13. O-O Nd5 14.
Nd6+ Kd8 15. Ba5 1-0

[Event "Harburg-ch Gruppe H"]
[Site "Hamburg"]
[Date "2010.08.22"]
[Round "4"]
[White "Schoppe, Gottfried"]
[Black "Grube, Bernd"]
[Result "1-0"]
[WhiteElo "1517"]
[BlackElo "1421"]
[PlyCount "71"]
[EventDate "2010.08.20"]
[EventType "tourn"]
[EventRounds "5"]
[EventCountry "GER"]
[SourceDate "2010.08.20"]

1. d4 d5 2. c4 c6 3. Nc3 Nf6 4. Bf4 e6 5. c5 Be7 6. Nf3 Nbd7 7. h3 O-O 8. Qc2
h6 9. e4 dxe4 10. Nxe4 Nxe4 11. Qxe4 Nf6 12. Qc2 Nd5 13. Bd2 Qc7 14. Bc4 Rd8
15. Bxd5 Rxd5 16. O-O b6 17. b4 Bb7 18. a4 bxc5 19. bxc5 Bf6 20. Qe4 Rad8 21.
Be3 Ba6 22. Rfe1 Bc4 23. a5 a6 24. Bf4 Qc8 25. Red1 R5d7 26. Bd6 Bd5 27. Qf4
Rb7 28. Rdb1 Rdd7 29. Ne5 Rxb1+ 30. Rxb1 Rb7 31. Rb6 Rxb6 32. cxb6 Qb7 33. Bc7
Bxe5 34. Bxe5 c5 35. dxc5 Bxg2 36. Qg3 1-0

[Event "Harburg-ch Gruppe H"]
[Site "Hamburg"]
[Date "2010.08.22"]
[Round "5"]
[White "Grube, Bernd"]
[Black "Lemke, Berfin"]
[Result "1/2-1/2"]
[WhiteElo "1421"]
[BlackElo "1436"]
[PlyCount "66"]
[EventDate "2010.08.20"]
[EventType "tourn"]
[EventRounds "5"]
[EventCountry "GER"]
[SourceDate "2010.08.20"]

1. d4 d5 2. Bf4 Nf6 3. e3 e6 4. Nf3 Bd6 5. Bxd6 Qxd6 6. Bd3 O-O 7. Nbd2 Re8 8.
O-O Nbd7 9. c4 c6 10. Qc2 e5 11. dxe5 Nxe5 12. Nxe5 Qxe5 13. Nf3 Qh5 14. h3 Ne4
15. Rfe1 Bxh3 16. Nh2 Bf5 17. Nf1 Re6 18. f3 Nd6 19. cxd5 cxd5 20. Ng3 Bxd3 21.
Qxd3 Qg5 22. Nf1 Rae8 23. Rad1 Rg6 24. Rd2 Qh4 25. Rde2 Re5 26. Qd4 Qxd4 27.
exd4 Rxe2 28. Rxe2 Re6 29. Rc2 Nc4 30. Kf2 Kf8 31. b3 Nb6 32. Ne3 Rc6 33. Rc5
Rd6 1/2-1/2

[Event "Harburg-ch Gruppe H"]
[Site "Hamburg"]
[Date "2010.08.22"]
[Round "5"]
[White "Frenz Evers, Hartmut"]
[Black "Schoppe, Gottfried"]
[Result "1-0"]
[WhiteElo "1468"]
[BlackElo "1517"]
[PlyCount "91"]
[EventDate "2010.08.20"]
[EventType "tourn"]
[EventRounds "5"]
[EventCountry "GER"]
[SourceDate "2010.08.20"]

1. e4 c5 2. Nf3 Nc6 3. Bc4 e5 4. d3 Nf6 5. Bg5 Be7 6. Nbd2 d6 7. c3 a6 8. a4
O-O 9. O-O Be6 10. Bxe6 fxe6 11. Qb3 d5 12. exd5 exd5 13. Rfe1 Qd6 14. Re2 h6
15. Bh4 Na5 16. Qa2 Nc6 17. Rae1 Rae8 18. Nxe5 Nxe5 19. Rxe5 Kh8 20. Bg3 Qd7
21. b3 Ng4 22. R5e2 Bf6 23. h3 Rxe2 24. Rxe2 Re8 25. Rxe8+ Qxe8 26. hxg4 Qe1+
27. Kh2 Bxc3 28. Nf3 Qe6 29. Qc2 d4 30. g5 hxg5 31. Nxg5 Qh6+ 32. Nh3 Qh5 33.
Kg1 g5 34. Qc1 g4 35. Qg5 Qxg5 36. Nxg5 Bd2 37. Ne4 Bb4 38. Bc7 b5 39. axb5
axb5 40. Nd6 c4 41. bxc4 Bxd6 42. Bxd6 bxc4 43. dxc4 Kg8 44. c5 Kf7 45. Kf1 Ke6
46. Ke2 1-0

[Event "Harburg-ch Gruppe I"]
[Site "Hamburg"]
[Date "2010.08.20"]
[Round "1"]
[White "Brandt, Michael"]
[Black "Boehme, Mathis"]
[Result "1-0"]
[WhiteElo "1418"]
[BlackElo "1365"]
[PlyCount "63"]
[EventDate "2010.08.20"]
[EventType "tourn"]
[EventRounds "5"]
[EventCountry "GER"]
[SourceDate "2010.08.20"]

1. d4 Nf6 2. Nf3 Nc6 3. c4 e6 4. Nc3 d5 5. Bg5 Bb4 6. cxd5 exd5 7. e3 Bf5 8.
Bb5 Qd7 9. Bxf6 gxf6 10. O-O Rg8 11. g3 Bg4 12. Be2 Bh3 13. Re1 Ne7 14. Rc1 h5
15. Qb3 a5 16. a3 Bd6 17. Qxb7 Rd8 18. Nxd5 Nxd5 19. Bb5 c6 20. Bxc6 Rb8 21.
Bxd7+ Bxd7 22. Qxd5 Be7 23. Rc7 Rd8 24. Rec1 Bg4 25. Qb7 Bd7 26. Rxd7 Rxd7 27.
Qb5 Bd8 28. Rc8 Ke7 29. Qc5+ Ke8 30. Qc6 Ke7 31. Nh4 Rd6 32. Nf5+ 1-0